Najdłuższe nazwy pierwiastków chemicznych od A do Ż - Statystyki

Ogólne statystyki
  • Ten quiz został rozwiązany 16 razy
  • Średni wynik to 13 z 23
Statystyki odpowiedzi
Litera Długość Pierwiastek % Poprawnych
Ż 6 Żelazo
93%
U 4 Uran
87%
Z 5 Złoto
87%
J 3 Jod
80%
W 7 Wolfram
80%
M 8 Mendelew | Molibden
73%
N 6 Neodym | Neptun | Nikiel
73%
B 6 Berkel | Bizmut
67%
E 8 Einstein
67%
K 8 Kaliforn | Kopernik
67%
H 4 Hafn | Holm
60%
R 10 Rutherford
60%
F 6 Flerow | Fosfor
53%
I 5 Iterb
53%
A 7 Antymon
47%
C 6 Cyrkon
40%
D 10 Darmsztadt
40%
G 7 Gadolin
40%
L 8 Liwermor
40%
O 8 Oganeson
40%
P 9 Prazeodym | Protaktyn
33%
S 7 Seaborg
20%
T 7 Technet
13%
Nie znaleziono quizów pasujących do podanych kryteriów
Rozkład punktacji
Procent ludzi z każdym wynikiem
Percentyl według liczby udzielonych odpowiedzi
Twoja historia wyników
Nie rozwiązałeś tego quizu